A textbook of hydraulics,Fluid mechanics and hydraulic machines (Record no. 611930)
[ view plain ]
| 000 -LEADER | |
|---|---|
| fixed length control field | 00393nam a22001217a 4500 |
| 040 ## - CATALOGING SOURCE | |
| Transcribing agency | Nust |
| 082 ## - DEWEY DECIMAL CLASSIFICATION NUMBER | |
| Classification number | 621.20424 |
| Author Mark | KHU'T |
| 100 ## - MAIN ENTRY--PERSONAL NAME | |
| Personal name | R.S. Khurmi |
| 9 (RLIN) | 27450 |
| 245 ## - TITLE STATEMENT | |
| Title | A textbook of hydraulics,Fluid mechanics and hydraulic machines |
| 260 ## - PUBLICATION, DISTRIBUTION, ETC. | |
| Place of publication, distribution, etc. | New Delhi: |
| Name of publisher, distributor, etc. | S. Chand Company, |
| Date of publication, distribution, etc. | 1994. |
| 650 ## - SUBJECT ADDED ENTRY--TOPICAL TERM | |
| Topical term or geographic name entry element | A textbook of hydraulics,Fluid mechanics and hydraulic machines |
| 9 (RLIN) | 126162 |
| 942 ## - ADDED ENTRY ELEMENTS (KOHA) | |
| Source of classification or shelving scheme | |
| Koha item type | Book |
| Withdrawn status | Lost status | Source of classification or shelving scheme | Damaged status | Not for loan | Permanent Location | Current Location | Shelving location | Date acquired | Total Checkouts | Full call number | Barcode | Date last seen | Price effective from | Koha item type |
|---|---|---|---|---|---|---|---|---|---|---|---|---|---|---|
| College of Electrical & Mechanical Engineering (CEME) | College of Electrical & Mechanical Engineering (CEME) | General Stacks | 09/30/2024 | 621.20424 KHU'T | CEME- 32060 | 09/30/2024 | 09/30/2024 | Book |
